/ 3



Punjabi Bhasha : Varton Ate Bantar (Record no. 4892)

MARC details
000 -LEADER
fixed length control field 00287nam a2200109Ia 4500
008 - FIXED-LENGTH DATA ELEMENTS--GENERAL INFORMATION
fixed length control field 090707b ii f a fnsan d
100 ## - MAIN ENTRY--PERSONAL NAME
Personal name Dr. Kaur, Manjit
245 ## - TITLE STATEMENT
Title Punjabi Bhasha : Varton Ate Bantar
260 ## - PUBLICATION, DISTRIBUTION, ETC.
Year of publication 2008
Place of publication Chandigar
Name of publisher Lok Geet Prak.
300 ## - PHYSICAL DESCRIPTION
Number of Pages 136p.
942 ## - ADDED ENTRY ELEMENTS (KOHA)
Koha item type Books
Holdings
Accession Number Cost, replacement price Lost status Damaged status Koha item type Not for loan Collection code Withdrawn status Home library Current library Shelving location Date acquired Cost, normal purchase price
47362 150.00     Books   Punjabi Department Books   RCL RCL General Stacks   150.00

Find us on the map

Contact Us

RAMANUJAN COLLEGE UNIVERSITY OF DELHI, KALKAJI, NEW DELHI 110019
library@ramaanujan.du.ac.in
011-35002219
https://library.ramanujancollege.ac.in/
ramanujancollegelibrary
                                 
Customized & Maintained by Department of Library
Visitor Counter